Statistics for London Underground stations - North, South, East and West

Click here to take the quiz!

General Stats

  • This quiz has been taken 66 times
  • The average score is 27 of 43

Answer Stats

Answer % Correct
West Ham
98%
East Ham
95%
East Acton
88%
North Acton
83%
West Acton
80%
West Ruislip
80%
South Ruislip
78%
South Kensington
78%
South Ealing
75%
East Finchley
75%
North Ealing
73%
South Wimbledon
70%
West Finchley
70%
Westminster
68%
Hounslow West
68%
West Hampstead
68%
Southfields
65%
North Harrow
65%
Clapham South
65%
Clapham North
65%
Hounslow East
65%
Dagenham East
63%
South Harrow
60%
Northfields
60%
North Wembley
60%
West Kensington
58%
North Greenwich
58%
South Kenton
55%
East Putney
55%
West Harrow
55%
Northolt
53%
South Woodford
50%
Aldgate East
50%
Northwood
48%
Lambeth North
45%
Westbourne Park
45%
Southgate
45%
Southwark
45%
Mill Hill East
43%
Northwood Hills
43%
Eastcote
43%
West Brompton
40%
Northwick Park
38%

Score Distribution

Percentile by Number Answered

Percent of People with Each Score

Your Score History

You have not taken this quiz